000 00915nmm a2200289 a 4500
001 ocm000579580
003 TR-IsHL
005 20201028122928.0
008 110704s2010 tu tur
007 cr cn
020 _a9786055646196
035 _a579580
_b(N$T)
050 0 4 _aPL248.A44
_bÖ8 2010
090 0 4 _aPL248.A44
_bÖ8 2010
100 1 _aAkerman, Mehmet Tanju
245 1 0 _aÖtekileşmeler
_h[electronic resource] /
_cMehmet Tanju Akerman ; ed. Ebülfez Elçibey
250 _a1. bs.
260 _aİstanbul :
_bSiyah Beyaz Yayınları,
_c2010
300 _a288 p.
650 4 _aDil ve Edebiyat
650 4 _aLanguage and Literature
650 0 _aTürk denemeleri
650 0 _aTurkish essays
650 7 _aLITERARY COLLECTIONS / Essays
_2bisacsh
700 1 _aElçibey, Ebülfez
856 4 0 _uhttp://search.ebscohost.com/login.aspx?direct=true&scope=site&db=e011xww&AN=579580
999 _c2132
_d2132